[Event "CHI-ch sf"]
[Site "Valparaiso"]
[Date "2015.01.29"]
[Round "6"]
[White "Olivares Cortes, Leandro Ronald"]
[Black "Cabrera Canales, Leandro Antonio"]
[Result "0-1"]
[WhiteElo "1249"]
[BlackElo "1227"]
[PlyCount "32"]
[EventDate "2015.01.26"]
[EventType "swiss"]
[EventRounds "7"]
[EventCountry "CHI"]
[SourceTitle "CBM 164 Extra"]
[Source "ChessBase"]
[SourceDate "2015.03.02"]
[SourceVersion "1"]
[SourceVersionDate "2015.03.02"]
[SourceQuality "1"]

1. Nf3 Nf6 2. d4 d5 3. Bg5 h6 4. Bxf6 gxf6 5. Nc3 Nc6 6. e4 dxe4 7. Nxe4 Bf5 8. Nc5 Rb8 9. Bb5 e6 10. Nxb7 Qd7 11. Bxc6 Qxc6 12. Nc5 Bxc5 13. dxc5 Rg8 14. 0-0 Bh3 15. Qd2 Bxg2 16. Rfe1 Bh3+ 0-1